<?xml version="1.0" encoding="UTF-8"?><marc:collection xmlns:marc="http://www.loc.gov/MARC21/slim">
  <marc:record>
    <marc:leader>06551nas a2200985 c 4500</marc:leader>
    <marc:controlfield tag="001">01005250X</marc:controlfield>
    <marc:controlfield tag="003">DE-101</marc:controlfield>
    <marc:controlfield tag="005">20250212214440.0</marc:controlfield>
    <marc:controlfield tag="006">sm</marc:controlfield>
    <marc:controlfield tag="006">se</marc:controlfield>
    <marc:controlfield tag="007">tu</marc:controlfield>
    <marc:controlfield tag="007">hd uuu000uuau</marc:controlfield>
    <marc:controlfield tag="008">991118c19499999gw z||p   ||| 0||||1ger c</marc:controlfield>
    <marc:datafield tag="015" ind1=" " ind2=" ">
      <marc:subfield code="a">08,B20,0318</marc:subfield>
      <marc:subfield code="a">21,B44</marc:subfield>
      <marc:subfield code="2">dnb</marc:subfield>
    </marc:datafield>
    <marc:datafield tag="016" ind1="7" ind2=" ">
      <marc:subfield code="2">DE-600</marc:subfield>
      <marc:subfield code="a">3497-6</marc:subfield>
    </marc:datafield>
    <marc:datafield tag="016" ind1="7" ind2=" ">
      <marc:subfield code="2">DE-101</marc:subfield>
      <marc:subfield code="a">01005250X</marc:subfield>
    </marc:datafield>
    <marc:datafield tag="030" ind1=" " ind2=" ">
      <marc:subfield code="a">MTLLA</marc:subfield>
    </marc:datafield>
    <marc:datafield tag="035" ind1=" " ind2=" ">
      <marc:subfield code="a">(DE-599)ZDB3497-6</marc:subfield>
    </marc:datafield>
    <marc:datafield tag="035" ind1=" " ind2=" ">
      <marc:subfield code="a">(OCoLC)1367291972</marc:subfield>
    </marc:datafield>
    <marc:datafield tag="040" ind1=" " ind2=" ">
      <marc:subfield code="a">9001</marc:subfield>
      <marc:subfield code="b">ger</marc:subfield>
      <marc:subfield code="c">DE-101</marc:subfield>
      <marc:subfield code="d">9999</marc:subfield>
    </marc:datafield>
    <marc:datafield tag="041" ind1=" " ind2=" ">
      <marc:subfield code="a">ger</marc:subfield>
    </marc:datafield>
    <marc:datafield tag="042" ind1=" " ind2=" ">
      <marc:subfield code="a">zdb</marc:subfield>
    </marc:datafield>
    <marc:datafield tag="044" ind1=" " ind2=" ">
      <marc:subfield code="c">XA-DE</marc:subfield>
    </marc:datafield>
    <marc:datafield tag="082" ind1="7" ind2="4">
      <marc:subfield code="a">070</marc:subfield>
      <marc:subfield code="a">300</marc:subfield>
      <marc:subfield code="a">320</marc:subfield>
      <marc:subfield code="q">DE-600</marc:subfield>
      <marc:subfield code="2">22sdnb</marc:subfield>
    </marc:datafield>
    <marc:datafield tag="084" ind1=" " ind2=" ">
      <marc:subfield code="a">18</marc:subfield>
      <marc:subfield code="a">300</marc:subfield>
      <marc:subfield code="a">330</marc:subfield>
      <marc:subfield code="q">DE-101</marc:subfield>
      <marc:subfield code="2">sdnb</marc:subfield>
    </marc:datafield>
    <marc:datafield tag="084" ind1=" " ind2=" ">
      <marc:subfield code="a">3,61</marc:subfield>
      <marc:subfield code="2">ssgn</marc:subfield>
    </marc:datafield>
    <marc:datafield tag="084" ind1=" " ind2=" ">
      <marc:subfield code="a">PF 100</marc:subfield>
      <marc:subfield code="2">rvk</marc:subfield>
    </marc:datafield>
    <marc:datafield tag="090" ind1=" " ind2=" ">
      <marc:subfield code="n">sm</marc:subfield>
      <marc:subfield code="n">mg</marc:subfield>
    </marc:datafield>
    <marc:datafield tag="210" ind1="0" ind2="0">
      <marc:subfield code="a">Metall</marc:subfield>
    </marc:datafield>
    <marc:datafield tag="245" ind1="0" ind2="0">
      <marc:subfield code="a">Metall</marc:subfield>
      <marc:subfield code="b">dein Magazin</marc:subfield>
      <marc:subfield code="c">IGM</marc:subfield>
    </marc:datafield>
    <marc:datafield tag="246" ind1="1" ind2="3">
      <marc:subfield code="a">Metall &lt;Frankfurt, Main&gt;</marc:subfield>
    </marc:datafield>
    <marc:datafield tag="246" ind1="1" ind2=" ">
      <marc:subfield code="i">Titelzusatz 59.2007,9(Sept.)-Jahrgang 73 (Juli/August 2021)</marc:subfield>
      <marc:subfield code="a">Mitgliederzeitung der IG Metall</marc:subfield>
    </marc:datafield>
    <marc:datafield tag="247" ind1="0" ind2="0">
      <marc:subfield code="a">Zeitung der IG Metall für die Bundesrepublik Deutschland</marc:subfield>
      <marc:subfield code="f">Zusatz anfangs</marc:subfield>
    </marc:datafield>
    <marc:datafield tag="247" ind1="0" ind2="0">
      <marc:subfield code="a">Zeitung der Industriegewerkschaft Metall</marc:subfield>
      <marc:subfield code="f">Zusatz teils</marc:subfield>
    </marc:datafield>
    <marc:datafield tag="247" ind1="0" ind2="0">
      <marc:subfield code="a">Metallzeitung</marc:subfield>
      <marc:subfield code="f">Haupttitel 59.2007,9(Sept.)-Jahrgang 73 (Juli/August 2021)</marc:subfield>
    </marc:datafield>
    <marc:datafield tag="264" ind1="3" ind2="1">
      <marc:subfield code="a">Frankfurt am Main</marc:subfield>
      <marc:subfield code="b">Redaktion Metall</marc:subfield>
      <marc:subfield code="c">1949-</marc:subfield>
    </marc:datafield>
    <marc:datafield tag="264" ind1=" " ind2="1">
      <marc:subfield code="3">1949-2007,7/8</marc:subfield>
      <marc:subfield code="a">Frankfurt, M.</marc:subfield>
      <marc:subfield code="b">Union-Dr. u. Verl.-Anstalt</marc:subfield>
    </marc:datafield>
    <marc:datafield tag="264" ind1="2" ind2="1">
      <marc:subfield code="3">früher</marc:subfield>
      <marc:subfield code="a">Frankfurt, M.</marc:subfield>
      <marc:subfield code="b">Weißmann</marc:subfield>
    </marc:datafield>
    <marc:datafield tag="264" ind1="2" ind2="1">
      <marc:subfield code="3">[?]-2021</marc:subfield>
      <marc:subfield code="a">Frankfurt, M.</marc:subfield>
      <marc:subfield code="b">Red. Metallzeitung</marc:subfield>
    </marc:datafield>
    <marc:datafield tag="336" ind1=" " ind2=" ">
      <marc:subfield code="a">Text</marc:subfield>
      <marc:subfield code="b">txt</marc:subfield>
      <marc:subfield code="2">rdacontent</marc:subfield>
    </marc:datafield>
    <marc:datafield tag="337" ind1=" " ind2=" ">
      <marc:subfield code="a">ohne Hilfsmittel zu benutzen</marc:subfield>
      <marc:subfield code="b">n</marc:subfield>
      <marc:subfield code="2">rdamedia</marc:subfield>
    </marc:datafield>
    <marc:datafield tag="337" ind1=" " ind2=" ">
      <marc:subfield code="a">Mikroform</marc:subfield>
      <marc:subfield code="b">h</marc:subfield>
      <marc:subfield code="2">rdamedia</marc:subfield>
    </marc:datafield>
    <marc:datafield tag="338" ind1=" " ind2=" ">
      <marc:subfield code="a">Band</marc:subfield>
      <marc:subfield code="b">nc</marc:subfield>
      <marc:subfield code="2">rdacarrier</marc:subfield>
    </marc:datafield>
    <marc:datafield tag="338" ind1=" " ind2=" ">
      <marc:subfield code="a">Mikrofilmrolle</marc:subfield>
      <marc:subfield code="b">hj</marc:subfield>
      <marc:subfield code="2">rdacarrier</marc:subfield>
    </marc:datafield>
    <marc:datafield tag="362" ind1="0" ind2=" ">
      <marc:subfield code="a">1.1949,Okt. -</marc:subfield>
    </marc:datafield>
    <marc:datafield tag="363" ind1="0" ind2="1">
      <marc:subfield code="8">1.1\x</marc:subfield>
      <marc:subfield code="a">1</marc:subfield>
      <marc:subfield code="i">1949</marc:subfield>
    </marc:datafield>
    <marc:datafield tag="500" ind1=" " ind2=" ">
      <marc:subfield code="a">Zusatz einzelner Hefte: Sondernr.; Sonderdr.; Sonderausg.; Jub.-Ausg.</marc:subfield>
    </marc:datafield>
    <marc:datafield tag="500" ind1=" " ind2=" ">
      <marc:subfield code="a">Erscheint neunmal jährlich, teils monatlich, anfangs 14-täglich</marc:subfield>
    </marc:datafield>
    <marc:datafield tag="501" ind1=" " ind2=" ">
      <marc:subfield code="a">43.1991,1-6 ersch. in 2 Ausg. (für die alten und neuen Bundesländer); ab 43.1991,7 mit Regionalseiten für einzelne Bundesländer; ungezählte Beil.</marc:subfield>
    </marc:datafield>
    <marc:datafield tag="530" ind1=" " ind2=" ">
      <marc:subfield code="a">Mikrofilm-Ausgabe: Dortmund : Mikrofilmarchiv der Deutschsprachigen Presse e. V., (MFA). Mikrofilmrollen</marc:subfield>
    </marc:datafield>
    <marc:datafield tag="533" ind1=" " ind2=" ">
      <marc:subfield code="a">Mikrofilm-Ausgabe</marc:subfield>
      <marc:subfield code="b">Dortmund</marc:subfield>
      <marc:subfield code="c">Mikrofilmarchiv der Deutschsprachigen Presse e. V., MFA</marc:subfield>
    </marc:datafield>
    <marc:datafield tag="591" ind1=" " ind2=" ">
      <marc:subfield code="a">700!(24-10-07)</marc:subfield>
    </marc:datafield>
    <marc:datafield tag="610" ind1="2" ind2="7">
      <marc:subfield code="0">(DE-588)2123264-7</marc:subfield>
      <marc:subfield code="0">https://d-nb.info/gnd/2123264-7</marc:subfield>
      <marc:subfield code="0">(DE-101)007703694</marc:subfield>
      <marc:subfield code="a">IG Metall</marc:subfield>
      <marc:subfield code="g">Deutschland</marc:subfield>
      <marc:subfield code="9">rswk-swf</marc:subfield>
      <marc:subfield code="2">gnd</marc:subfield>
    </marc:datafield>
    <marc:datafield tag="655" ind1=" " ind2="7">
      <marc:subfield code="0">(DE-588)4067488-5</marc:subfield>
      <marc:subfield code="0">https://d-nb.info/gnd/4067488-5</marc:subfield>
      <marc:subfield code="0">(DE-101)040674886</marc:subfield>
      <marc:subfield code="a">Zeitschrift</marc:subfield>
      <marc:subfield code="2">gnd-content</marc:subfield>
    </marc:datafield>
    <marc:datafield tag="689" ind1="0" ind2="0">
      <marc:subfield code="0">(DE-588)2123264-7</marc:subfield>
      <marc:subfield code="0">https://d-nb.info/gnd/2123264-7</marc:subfield>
      <marc:subfield code="0">(DE-101)007703694</marc:subfield>
      <marc:subfield code="D">b</marc:subfield>
      <marc:subfield code="a">IG Metall</marc:subfield>
      <marc:subfield code="g">Deutschland</marc:subfield>
    </marc:datafield>
    <marc:datafield tag="689" ind1="0" ind2=" ">
      <marc:subfield code="5">DE-600</marc:subfield>
      <marc:subfield code="5">DE-600</marc:subfield>
    </marc:datafield>
    <marc:datafield tag="710" ind1="2" ind2=" ">
      <marc:subfield code="0">(DE-588)2123264-7</marc:subfield>
      <marc:subfield code="0">https://d-nb.info/gnd/2123264-7</marc:subfield>
      <marc:subfield code="0">(DE-101)007703694</marc:subfield>
      <marc:subfield code="a">IG Metall</marc:subfield>
      <marc:subfield code="g">Deutschland</marc:subfield>
      <marc:subfield code="e">Herausgebendes Organ</marc:subfield>
      <marc:subfield code="4">isb</marc:subfield>
      <marc:subfield code="2">gnd</marc:subfield>
    </marc:datafield>
    <marc:datafield tag="710" ind1="2" ind2=" ">
      <marc:subfield code="0">(DE-588)2013524-5</marc:subfield>
      <marc:subfield code="0">https://d-nb.info/gnd/2013524-5</marc:subfield>
      <marc:subfield code="0">(DE-101)004726286</marc:subfield>
      <marc:subfield code="a">IG Metall</marc:subfield>
      <marc:subfield code="g">Deutschland, Bundesrepublik</marc:subfield>
      <marc:subfield code="e">Herausgebendes Organ</marc:subfield>
      <marc:subfield code="4">isb</marc:subfield>
      <marc:subfield code="2">gnd</marc:subfield>
    </marc:datafield>
    <marc:datafield tag="770" ind1="0" ind2="8">
      <marc:subfield code="i">Supplement</marc:subfield>
      <marc:subfield code="n">2000-2001</marc:subfield>
      <marc:subfield code="t">Holz und Kunststoff</marc:subfield>
      <marc:subfield code="d">Frankfurt am Main : IGM, 2000-2001</marc:subfield>
      <marc:subfield code="w">(DE-600)3106729-3</marc:subfield>
      <marc:subfield code="w">(DE-101)963238566</marc:subfield>
    </marc:datafield>
    <marc:datafield tag="770" ind1="0" ind2="8">
      <marc:subfield code="i">Supplement</marc:subfield>
      <marc:subfield code="n">2009-</marc:subfield>
      <marc:subfield code="t">KfZ-Handwerk</marc:subfield>
      <marc:subfield code="d">Frankfurt, M. : IG Metall, 2000-</marc:subfield>
      <marc:subfield code="w">(DE-600)2099572-6</marc:subfield>
      <marc:subfield code="w">(DE-101)024252328</marc:subfield>
    </marc:datafield>
    <marc:datafield tag="770" ind1="0" ind2="8">
      <marc:subfield code="i">Supplement</marc:subfield>
      <marc:subfield code="n">2012-2016</marc:subfield>
      <marc:subfield code="t">Arbeit_372Büro</marc:subfield>
      <marc:subfield code="d">Frankfurt, M. : IG-Metall, Vorstand, 2012-[2016]</marc:subfield>
      <marc:subfield code="w">(DE-600)2718397-X</marc:subfield>
      <marc:subfield code="w">(DE-101)1035379031</marc:subfield>
    </marc:datafield>
    <marc:datafield tag="775" ind1="0" ind2="8">
      <marc:subfield code="i">Parallele Sprachausgabe</marc:subfield>
      <marc:subfield code="n">griechisch, 1965-1978,1</marc:subfield>
      <marc:subfield code="t">Metall &lt;Frankfurt, Main&gt; / Eidisis</marc:subfield>
      <marc:subfield code="d">Frankfurt, M. : IG Metall für d. Bundesrepublik Deutschland, 1965-1978</marc:subfield>
      <marc:subfield code="w">(DE-600)502260-5</marc:subfield>
      <marc:subfield code="w">(DE-101)012624527</marc:subfield>
    </marc:datafield>
    <marc:datafield tag="775" ind1="0" ind2="8">
      <marc:subfield code="i">Parallele Sprachausgabe</marc:subfield>
      <marc:subfield code="n">griechisch, 1978,2-1994, 25/26</marc:subfield>
      <marc:subfield code="t">Metall &lt;Frankfurt, Main&gt; / GR</marc:subfield>
      <marc:subfield code="d">Frankfurt, M. : IG Metall, 1978-1994</marc:subfield>
      <marc:subfield code="w">(DE-600)2182371-6</marc:subfield>
      <marc:subfield code="w">(DE-101)027245268</marc:subfield>
    </marc:datafield>
    <marc:datafield tag="775" ind1="0" ind2="8">
      <marc:subfield code="i">Parallele Sprachausgabe</marc:subfield>
      <marc:subfield code="n">italienisch, 1963-1978, 1</marc:subfield>
      <marc:subfield code="t">Metall &lt;Frankfurt, Main&gt; / Notizie</marc:subfield>
      <marc:subfield code="d">Frankfurt, M. : IG Metall für d. Bundesrepublik Deutschland, 1963-1978</marc:subfield>
      <marc:subfield code="w">(DE-600)502263-0</marc:subfield>
      <marc:subfield code="w">(DE-101)012624551</marc:subfield>
    </marc:datafield>
    <marc:datafield tag="775" ind1="0" ind2="8">
      <marc:subfield code="i">Parallele Sprachausgabe</marc:subfield>
      <marc:subfield code="n">italienisch, 1978, 2-1994, 25/26</marc:subfield>
      <marc:subfield code="t">Metall &lt;Frankfurt, Main&gt; / I</marc:subfield>
      <marc:subfield code="d">Frankfurt, M. : IG Metall, 1978-1994</marc:subfield>
      <marc:subfield code="w">(DE-600)2182369-8</marc:subfield>
      <marc:subfield code="w">(DE-101)027245225</marc:subfield>
    </marc:datafield>
    <marc:datafield tag="775" ind1="0" ind2="8">
      <marc:subfield code="i">Parallele Sprachausgabe</marc:subfield>
      <marc:subfield code="n">portugiesisch, 1969, 1/2-1978, 1</marc:subfield>
      <marc:subfield code="t">Metall &lt;Frankfurt, Main&gt; / Noticiário</marc:subfield>
      <marc:subfield code="d">Frankfurt, M. : IG Metall, 1969-1978</marc:subfield>
      <marc:subfield code="w">(DE-600)918517-3</marc:subfield>
      <marc:subfield code="w">(DE-101)015053474</marc:subfield>
    </marc:datafield>
    <marc:datafield tag="775" ind1="0" ind2="8">
      <marc:subfield code="i">Parallele Sprachausgabe</marc:subfield>
      <marc:subfield code="n">portugiesisch, 1978, 2-1994, 25/26</marc:subfield>
      <marc:subfield code="t">Metall &lt;Frankfurt, Main&gt; / P</marc:subfield>
      <marc:subfield code="d">Frankfurt, M. : IG Metall, 1978-1994</marc:subfield>
      <marc:subfield code="w">(DE-600)2182359-5</marc:subfield>
      <marc:subfield code="w">(DE-101)027245020</marc:subfield>
    </marc:datafield>
    <marc:datafield tag="775" ind1="0" ind2="8">
      <marc:subfield code="i">Parallele Sprachausgabe</marc:subfield>
      <marc:subfield code="n">serbisch, 1969, 1/2-1978, 1; 1992, 3-1994, 25/26</marc:subfield>
      <marc:subfield code="t">Metall &lt;Frankfurt, Main&gt; / Vijesti</marc:subfield>
      <marc:subfield code="d">Frankfurt, M. : IG Metall für d. Bundesrepublik Deutschland, 1969-1994</marc:subfield>
      <marc:subfield code="w">(DE-600)502264-2</marc:subfield>
      <marc:subfield code="w">(DE-101)01262456X</marc:subfield>
    </marc:datafield>
    <marc:datafield tag="775" ind1="0" ind2="8">
      <marc:subfield code="i">Parallele Sprachausgabe</marc:subfield>
      <marc:subfield code="n">serbisch, 1978, 2-1992,2</marc:subfield>
      <marc:subfield code="t">Metall &lt;Frankfurt, Main&gt; / YU</marc:subfield>
      <marc:subfield code="d">Frankfurt, M. : IG Metall, 1978-1992</marc:subfield>
      <marc:subfield code="w">(DE-600)2182367-4</marc:subfield>
      <marc:subfield code="w">(DE-101)027245195</marc:subfield>
    </marc:datafield>
    <marc:datafield tag="775" ind1="0" ind2="8">
      <marc:subfield code="i">Parallele Sprachausgabe</marc:subfield>
      <marc:subfield code="n">spanisch, 1961-1978,1</marc:subfield>
      <marc:subfield code="t">Metall &lt;Frankfurt, Main&gt; / El Noticiero</marc:subfield>
      <marc:subfield code="d">Frankfurt, M. : IG Metall für d. Bundesrepublik Deutschland, 1961-1978</marc:subfield>
      <marc:subfield code="w">(DE-600)502262-9</marc:subfield>
      <marc:subfield code="w">(DE-101)012624543</marc:subfield>
    </marc:datafield>
    <marc:datafield tag="775" ind1="0" ind2="8">
      <marc:subfield code="i">Parallele Sprachausgabe</marc:subfield>
      <marc:subfield code="n">spanisch, 1978, 2-1994, 25/26</marc:subfield>
      <marc:subfield code="t">Metall &lt;Frankfurt, Main&gt; / E</marc:subfield>
      <marc:subfield code="d">Frankfurt, M. : IG Metall, 1978-1994</marc:subfield>
      <marc:subfield code="w">(DE-600)2182363-7</marc:subfield>
      <marc:subfield code="w">(DE-101)027245098</marc:subfield>
    </marc:datafield>
    <marc:datafield tag="775" ind1="0" ind2="8">
      <marc:subfield code="i">Parallele Sprachausgabe</marc:subfield>
      <marc:subfield code="n">türkisch, 1964-1978, 1</marc:subfield>
      <marc:subfield code="t">Metall &lt;Frankfurt, Main&gt; / Haberler</marc:subfield>
      <marc:subfield code="d">Frankfurt, M. : IG Metall für d. Bundesrepublik Deutschland, 1964-1978</marc:subfield>
      <marc:subfield code="w">(DE-600)502261-7</marc:subfield>
      <marc:subfield code="w">(DE-101)012624535</marc:subfield>
    </marc:datafield>
    <marc:datafield tag="775" ind1="0" ind2="8">
      <marc:subfield code="i">Parallele Sprachausgabe</marc:subfield>
      <marc:subfield code="n">türkisch, 1978, 2-1994, 25/26</marc:subfield>
      <marc:subfield code="t">Metall &lt;Frankfurt, Main&gt; / TR</marc:subfield>
      <marc:subfield code="d">Frankfurt, M. : IG Metall, 1978-1994</marc:subfield>
      <marc:subfield code="w">(DE-600)2182366-2</marc:subfield>
      <marc:subfield code="w">(DE-101)027245144</marc:subfield>
    </marc:datafield>
    <marc:datafield tag="776" ind1="0" ind2="8">
      <marc:subfield code="i">Erscheint auch als</marc:subfield>
      <marc:subfield code="n">CD-ROM-Ausgabe, 1998-2006</marc:subfield>
      <marc:subfield code="t">Metall &lt;Frankfurt, Main&gt; / Jahresausgabe. Jahresausgabe Metall und Direkt sowie weitere Medien der IG Metall</marc:subfield>
      <marc:subfield code="d">Frankfurt, M. : IG Metall, 1998-2006</marc:subfield>
      <marc:subfield code="h">CD-ROMs</marc:subfield>
      <marc:subfield code="w">(DE-600)2421241-6</marc:subfield>
      <marc:subfield code="w">(DE-101)956313957</marc:subfield>
    </marc:datafield>
    <marc:datafield tag="776" ind1="0" ind2="8">
      <marc:subfield code="i">Erscheint auch als</marc:subfield>
      <marc:subfield code="n">CD-ROM-Ausgabe, 2007</marc:subfield>
      <marc:subfield code="t">Metallzeitung, Direkt</marc:subfield>
      <marc:subfield code="d">Frankfurt, M. : IG Metall, 2007-2009</marc:subfield>
      <marc:subfield code="h">CD-ROMs</marc:subfield>
      <marc:subfield code="w">(DE-600)2421240-4</marc:subfield>
      <marc:subfield code="w">(DE-101)988298791</marc:subfield>
    </marc:datafield>
    <marc:datafield tag="776" ind1="0" ind2="8">
      <marc:subfield code="i">Erscheint auch als</marc:subfield>
      <marc:subfield code="n">Online-Ausgabe</marc:subfield>
      <marc:subfield code="t">Metall</marc:subfield>
      <marc:subfield code="d">Frankfurt am Main : IG Metall, 2005-</marc:subfield>
      <marc:subfield code="h">Online-Ressource</marc:subfield>
      <marc:subfield code="w">(DE-600)3102180-3</marc:subfield>
      <marc:subfield code="w">(DE-101)1246532549</marc:subfield>
    </marc:datafield>
    <marc:datafield tag="850" ind1=" " ind2=" ">
      <marc:subfield code="a">DE-101a</marc:subfield>
      <marc:subfield code="a">DE-101b</marc:subfield>
    </marc:datafield>
    <marc:datafield tag="889" ind1=" " ind2=" ">
      <marc:subfield code="w">(DE-101)947280286</marc:subfield>
    </marc:datafield>
    <marc:datafield tag="889" ind1=" " ind2=" ">
      <marc:subfield code="w">(DE-101)1242745092</marc:subfield>
    </marc:datafield>
    <marc:datafield tag="889" ind1=" " ind2=" ">
      <marc:subfield code="w">(DE-101)985537116</marc:subfield>
    </marc:datafield>
    <marc:datafield tag="889" ind1=" " ind2=" ">
      <marc:subfield code="w">(DE-600)3096808-2</marc:subfield>
    </marc:datafield>
    <marc:datafield tag="889" ind1=" " ind2=" ">
      <marc:subfield code="w">(DE-600)2385507-1</marc:subfield>
    </marc:datafield>
    <marc:datafield tag="889" ind1=" " ind2=" ">
      <marc:subfield code="w">(DE-600)2385505-8</marc:subfield>
    </marc:datafield>
    <marc:datafield tag="889" ind1=" " ind2=" ">
      <marc:subfield code="w">(DE-600)1349629-3</marc:subfield>
    </marc:datafield>
    <marc:datafield tag="925" ind1="r" ind2=" ">
      <marc:subfield code="a">rb</marc:subfield>
    </marc:datafield>
  </marc:record>
</marc:collection>
